Applied calculus /

Wedi'i Gadw mewn:
Manylion Llyfryddiaeth
Prif Awdur: Bittinger, Marvin L
Fformat: Llyfr
Iaith:Vietnamese
Cyhoeddwyd: Addison-Wesley 1993
Tagiau: Ychwanegu Tag
Dim Tagiau, Byddwch y cyntaf i dagio'r cofnod hwn!
Thư viện lưu trữ: Mạng thư viện Đại học Đà Nẵng
LEADER 00630nam a2200265 4500
001 000027036
003 BI-M93
005 20150403120000.0
008 150403s vm 000 vie
020 |c 0,0000 
040 |a notts 
100 |a Bittinger, Marvin L 
245 |a Applied calculus /  |c Marvin L. Bittinger, Bernard B. Morrel. 
260 |b Addison-Wesley  |c 1993 
OWN |a LTT 
999 |a From the UDN01 
TYP |a Monograph 
TYP |a Printed language 
980 |a Mạng thư viện Đại học Đà Nẵng